Be smart, act fast, get rich : your game plan for getting it right in the stock market /
| Egile nagusia: | |
|---|---|
| Formatua: | Liburua |
| Hizkuntza: | English |
| Argitaratua: |
Hoboken, NJ :
John Wiley & Sons,
c2007.
|
| Gaiak: | |
| Sarrera elektronikoa: | Table of contents only Contributor biographical information Publisher description |
| Classic Catalogue: | View this record in Classic Catalogue |
| LEADER | 01704nam a2200361 a 4500 | ||
|---|---|---|---|
| 001 | 29524 | ||
| 003 | BD-DhAAL | ||
| 005 | 20150809162145.0 | ||
| 008 | 150809s2007 njua f 001 0 eng | ||
| 010 | |a 2006039467 | ||
| 020 | |a 9780470075012 (cloth) | ||
| 020 | |a 0470075015 (cloth) | ||
| 035 | |a (OCoLC)ocm76897707 | ||
| 035 | |a (OCoLC)76897707 | ||
| 040 | |a DLC |c DLC |d DLC |d BD-DhAAL | ||
| 043 | |a n-us--- | ||
| 050 | 0 | 0 | |a HG4921 |b .P39 2007 |
| 082 | 0 | 0 | |a 332.63220973 |2 22 |
| 100 | 1 | |a Payne, Charles V. |9 13586 | |
| 245 | 1 | 0 | |a Be smart, act fast, get rich : |b your game plan for getting it right in the stock market / |c Charles V. Payne. |
| 260 | |a Hoboken, NJ : |b John Wiley & Sons, |c c2007. | ||
| 300 | |a xix, 332 p. : |b ill. ; |c 24 cm. | ||
| 500 | |a Includes index. | ||
| 541 | |e 29524 | ||
| 650 | 0 | |a Investments |z United States |v Handbooks, manuals, etc. |9 13587 | |
| 650 | 0 | |a Stocks |z United States |v Handbooks, manuals, etc. |9 13588 | |
| 650 | 0 | |a Stock exchanges |z United States |v Handbooks, manuals, etc. |9 13589 | |
| 856 | 4 | 1 | |3 Table of contents only |u http://www.loc.gov/catdir/toc/ecip075/2006039467.html |
| 856 | 4 | 2 | |3 Contributor biographical information |u http://www.loc.gov/catdir/enhancements/fy0741/2006039467-b.html |
| 856 | 4 | 2 | |3 Publisher description |u http://www.loc.gov/catdir/enhancements/fy0741/2006039467-d.html |
| 942 | |2 ddc |c BK | ||
| 999 | |c 35177 |d 35177 | ||
| 952 | |0 0 |1 3 |2 ddc |4 0 |6 332_632209730000000_PAY |7 0 |9 55150 |a BRACUL |b BRACUL |c GEN |d 2015-08-09 |e BRAC Institute of Language (BIL) |g 4866.00 |l 7 |m 13 |o 332.63220973 PAY |p 3010029524 |r 2025-07-13 |s 2025-07-13 |t 1 |v 9732.00 |w 2015-08-09 |y BK |x Transferred from BIL to BRACUL on 06/06/22 (Lost and cost paid BDT-9732/- TRXID: 525415005616, ID-22275004) | ||